| 000 | 00904nmc a2200325 a 4500 | ||
|---|---|---|---|
| 003 | AR-BaBNM | ||
| 005 | 20251128204654.0 | ||
| 008 | 035119s1992 ||||||||||||||000 | spa|| | ||
| 020 | _a950-548-016-4 | ||
| 040 | _cAR-BaBNM | ||
| 100 | 1 | _aCasella, Norma | |
| 245 | 1 | 0 |
_aDivertir educando _bobras para teatro de títeres |
| 250 | _a2ª ed. | ||
| 260 |
_aBuenos Aires _bLibreria del Colegio _c1992 |
||
| 300 | 0 |
_a119 p. _bil. |
|
| 490 | 0 | _aBiblioteca nueva pedagogía | |
| 500 | 0 | _aIlustraciones del autor | |
| 650 | 4 | _aARTES ESCENICAS | |
| 650 | 4 | _aMARIONETAS | |
| 650 | 4 | _aTEATRO ESCOLAR | |
| 650 | 4 | _aACTIVIDADES DE APRENDIZAJE | |
| 650 | 4 | _aENSENANZA DE ARTE DRAMATICO | |
| 653 | _aEDUCACION INICIAL | ||
| 653 | _aEDUCACION PRIMARIA | ||
| 653 | _aTITERES | ||
| 700 | 1 | _aGonzález Badial, Jorge | |
| 800 | 1 |
_aManganiello, Ethel María _edirector |
|
| 942 | _cBK | ||
| 998 | _cCarmen | ||
| 999 |
_c8343 _d8343 |
||